000 02074nam a2200505 c 4500
003 BLK
005 20230321115217.0
008 180410b bul|||||r ||||||| ||bul||
010 _aKNG00161894000
020 _a978-954-579-954-9
_bиздат.: Славена
040 _aBLK
041 _aBUL
_cBUL
072 7 _2bullib
_aН84
_xБългарска художествена литература Н
080 _aСоциография. Социално положение. Условия на политическия и социалния живот. Социално и социално-икономическо положение на отделните страни, народи, раси. Социална география. (Общи въпроси)
_b308
_x(5)(0:82-992)
_z308(5)(0:82-992)
080 _aГеография на Азия
_b913(5)
_x(0:82-992)
_z913(5)(0:82-992)
080 _aБългарска литература
_b821.163.2
_x-992
_z821.163.2-992
100 1 _aИдакиев, Симеон Кирилов
_eпърви автор
_972071
139 _aИдакиев, Симеон Кирилов
_bИ 31
245 1 0 _aСветът и всичко в него
_bАзия
_cСимеон Кирилов Идакиев.
257 _aBGR
260 Варна
_bСлавена
_c2012
300 _a192 с.
_bс цв. ил.
_c24 см
380 _aX
500 _aСъдържа и за авт.
650 4 _aАзия - пътеписи, очерци, впечатления
_9332745
651 4 _aАзия
_9253598
651 4 _aТурция
_9179691
651 4 _aЙордания
_9178972
651 4 _aСирия
_9179545
651 4 _aИзраел
_9178932
651 4 _aИндия
_9178950
651 4 _aНепал
_9164164
651 4 _aКитай
_9242505
651 4 _aТайланд
_9179638
651 4 _aЛаос
_9179124
651 4 _aМианмар
_9179216
651 4 _aКамбоджа
_9178990
653 _aпътеписи
659 _aН
852 _aЦб 254101
856 4 _qpdf
_u
856 4 _qpdf
_u
942 _cKNG
_n0
_012
944 _aCR
_c11.06.2014
_lф /
_kЛюдмила_Стоянова
944 _aED
_c22.08.2014
_lф /
_k
999 _c155220
_d155220